| 000 | 01492cam a2200241 4500 | ||
|---|---|---|---|
| 001 | X113214 | ||
| 008 | 000000n2001 000 0 eng u | ||
| 035 | _a(Sirsi) u113214 | ||
| 100 | _aBrewer, G. | ||
| 245 | 4 | _aThe importance of the statutory payment notice in adjudication | |
| 260 | _c2001 | ||
| 490 |
_aContract Journal _v408(6329) 31 May 2001, 57(1) |
||
| 520 | _aDiscusses the importance of payment notices under the Housing Grants, Construction and Regeneration Act 1996 s110(2), which requires the paying party to issue a notice specifying the amount of the payment and the basis on which it is calculated within five days of it becoming due. Payment is usually only made in respect of works properly carried out but in "LPL Electrical services Ltd v Kershaw Mechanical Services Ltd" Kershaw's failure to issue a payment notice in respect of an application led an arbitrator to decide that it was required to pay the application in full, a decision which the Court ruled it did not have the power to overturn. | ||
| 650 | _aMANAGEMENT-DISPUTE AVOIDANCE, MANAGEMENT AND RESOLUTION-DISPUTE MANAGEMENT AND RESOLUTION-ARBITRATION | ||
| 650 | _aDEFECTS | ||
| 650 | _aHOUSING GRANTS CONSTRUCTION AND REGENERATION ACT 1996 S110(2) | ||
| 650 | _aLPL ELECTRICAL SERVICES LTD V KERSHAW MECHANICAL SERVICES LTD | ||
| 650 | _aPAYMENT NOTICES | ||
| 650 | _aSTATUTORY PAYMENT NOTICES | ||
| 650 | _aWITHHOLDING NOTICES | ||
| 690 | _aBUILDING AND CONSTRUCTION-CASE LAW | ||
| 942 | _n0 | ||
| 999 |
_c67424 _d67424 |
||